000 00637nam a2200265Ia 4500
005 20260306163930.0
008 008 260114s9999 xx 000 0 eng d
020 _a9789882206663
037 _aEBOOK
040 _aCRL
040 _beng
040 _cCRL
041 _2eng
041 _aeng
084 _qCRL
100 _aTopley, Debernardi
_91129664
245 0 _aCantonese Society In Hong Kong And Singapore
260 _bHong Kong University Press
260 _c2011
650 _aSocial Work
856 _uhttps://academic.oup.com/book/16111
942 _cEBOOK
999 _c1712067
_d1712067